Empirická analýza vzťahu medzi investíciami a rizikom zameraná na vplyv nezameniteľnosti investícií na povahu tohto vzťahu na príklade oblasti automive v SR
Investičné rozhodnutia podnikateľských subjektov závisia na veľkom množstve faktorov, jedným z ktorých je riziko vzniku budúcich udalostí. Riziko je dôležité pri ovplyvňovaní investícií v rozvojových a tranzitívnych ekonomikách. Okrem rizika väčšina investičných rozhodnutí zahŕňa ďalšiu dôležitú cha...
Salvato in:
| Autore principale: | |
|---|---|
| Natura: | Capitolo di libro |
| Lingua: | slovacco |
| Soggetti: | |
| Tags: |
Nessun Tag, puoi essere il primo ad aggiungerne!!
|
MARC
| LEADER | 00000naa$a2200000$$$4500 | ||
|---|---|---|---|
| 001 | 0098852 | ||
| 005 | 20240502072105.5 | ||
| 041 | 0 | |a slo | |
| 044 | |a SK | ||
| 245 | 1 | 0 | |a Empirická analýza vzťahu medzi investíciami a rizikom zameraná na vplyv nezameniteľnosti investícií na povahu tohto vzťahu na príklade oblasti automive v SR |c Katarína Belanová |
| 520 | |a Investičné rozhodnutia podnikateľských subjektov závisia na veľkom množstve faktorov, jedným z ktorých je riziko vzniku budúcich udalostí. Riziko je dôležité pri ovplyvňovaní investícií v rozvojových a tranzitívnych ekonomikách. Okrem rizika väčšina investičných rozhodnutí zahŕňa ďalšiu dôležitú charakteristiku - nezameniteľnosť. Empirické overenie vzťahu medzi investíciami a rizikom. Investície, riziko a nezameniteľnosť. | ||
| 610 | 2 | 0 | |a investície |
| 610 | 2 | 0 | |a riziko |
| 610 | 2 | 0 | |a analýzy |
| 610 | 2 | 0 | |a priemysel automobilový |
| 610 | 2 | 0 | |a Slovensko |
| 100 | 1 | |a Belanová, Katarína, 1978- | |